000 00561nam a2200145Ia 4500
041 _aArabic
082 _a346,07 cut-384 م
100 _a20260118u\\\\\\\\\\\y0engy0103\\\\ba
100 _aد.محمدين عبدالقادر محمد
245 0 _aانقضاء الالتزام الصرفي بالسقوط والتقادم في قانون التجارة المصري الجديد والقانون التجاري الليبي
250 _aط1
260 _bدار النهضة العربية
_aالقاهرة - مصر
_c2008
300 _a149
942 _cBk
999 _c188271
_d188271